Länder mit mindestens 100 Medaillen bei den Olympischen Sommerspielen - Statistiken

Allgemein
  • Dieses Quiz wurde 143 mal gespielt
  • Das Durchschnittsergebnis liegt bei 31 aus 36
Antwortstatistiken
Gesamt Gold Silber Bronze Land % Korrekt
634 262 199 173 China
100%
409 153 129 127 DDR
99%
652 201 205 246 Deutschland
99%
749 222 253 274 Frankreich
99%
118 28 54 36 Gesamtdeutsche Mannschaft
99%
497 169 150 178 Japan
99%
428 146 125 154 Russland
99%
2635 1061 836 738 Vereinigte Staaten
99%
204 56 67 81 Westdeutschland
99%
617 216 188 213 Italien
97%
167 48 72 47 Spanien
97%
326 71 108 147 Kanada
96%
543 163 172 208 Australien
95%
321 95 104 122 Niederlande
93%
298 72 88 138 Polen
93%
503 148 176 179 Schweden
93%
150 37 42 71 Brasilien
92%
160 60 51 49 Norwegen
91%
205 53 79 73 Schweiz
89%
946 285 316 315 Großbritannien
87%
287 96 91 100 Südkorea
87%
305 101 85 119 Finnland
85%
155 43 54 58 Belgien
84%
120 35 44 41 Griechenland
82%
1010 395 319 296 Sowjetunion
81%
112 45 38 29 Vereintes Team
81%
205 48 78 79 Dänemark
78%
104 41 26 37 Turkei
78%
512 181 155 176 Ungarn
75%
139 35 36 68 Ukraine
74%
137 53 33 51 Neuseeland
72%
310 90 98 122 Rumänien
69%
224 54 88 82 Bulgarien
62%
113 35 42 36 Kenia
54%
143 49 49 45 Tschechoslowakei
51%
241 85 71 85 Kuba
43%
Keine übereinstimmenden Quizze gefunden
Verteilung der Resultate
Anzahl Personen mit jedem Resultat
Perzentil nach korrekt beantworteten Fragen
Ihre Resultats-Entwicklung
Sie haben dieses Quiz noch nicht gespielt